Santiago - Choix multiples - Statistiques

Statistiques générales
  • Ce quiz a été pris 1 387 fois
    1 370 depuis la dernière actualisation
  • Le résultat moyen est 7 sur 10
Statistiques - réponses
Question Réponse % Correct
Pourquoi le quartier financier de Santiago est-il appelé Sanhattan ? Il combine Santiago et Manhattan, en référence à ses nombreux gratte-ciel et à son importance économique
85%
Parmi les quatre grands de la poésie chilienne, lequel a reçu le Prix Nobel de littérature et est décédé à Santiago? Pablo Neruda
84%
Quel sommet, le plus haut de la cordillère des Andes, est-il possible d'observer depuis Santiago ? Aconcagua
80%
Quelle figure de l'histoire chilienne est représentée par cette statue Place de la Constitution ?

Salvador Allende
75%
Sous quel nom Santiago a-t-elle été fondée en 1541 ? Santiago de la Nueva Extremadura
70%
Quel événement a marqué Santiago le 11 septembre 1973 ? Un coup d’État
70%
Que peut-on observer en se promenant dans le Museo Parque de las Esculturas situé au nord-est de la ville? Des sculptures
65%
Quel saint est célébré dans le nom "Santiago" ? Jacques
55%
À quel poste évolue le joueur de football Arturo Vidal, légende de la sélection chilienne et du club local de Colo-Colo ? Milieu de terrain
51%
Comment s’appelle le palais présidentiel situé au centre de Santiago ? La Moneda
38%
Aucun quiz correspondant
Distribution des résultats
% des personnes avec chaque résultat
Percentile par nombre de réponses
Votre historique - résultats
Vous n’avez pas pris ce quiz depuis la dernière actualisation